Design of Machine Elements (Record no. 14714)
[ view plain ]
| 000 -LEADER | |
|---|---|
| fixed length control field | 00279nam a22001097a 4500 |
| 020 ## - INTERNATIONAL STANDARD BOOK NUMBER | |
| ISBN | 8183710360 |
| 082 ## - DEWEY DECIMAL CLASSIFICATION NUMBER | |
| Classification number | 621.801 |
| Item number | KAN/DE |
| 100 ## - MAIN ENTRY--AUTHOR NAME | |
| Personal name | Kannaiah P. |
| 245 ## - TITLE STATEMENT | |
| Title | Design of Machine Elements |
| 260 ## - PUBLICATION, DISTRIBUTION, ETC. (IMPRINT) | |
| Place of publication | Chennai |
| Name of publisher | Scitech Publications (India) Pvt. Ltd |
| Year of publication | 2012 |
| 942 ## - ADDED ENTRY ELEMENTS (KOHA) | |
| Koha item type | Book Bank scheme for SC students |
| Withdrawn status | Lost status | Damaged status | Collection code | Home library | Current library | Shelving location | Date acquired | Source of acquisition | Cost, normal purchase price | Full call number | Accession Number | Koha item type |
|---|---|---|---|---|---|---|---|---|---|---|---|---|
| KAUAET | KAUAET | Scheme | 22/08/2016 | Calicut Book Daistributors, Calicut. | 450.00 | 621.801 KAN/DE | BB 277 | Book Bank scheme for SC students |
